Duklja

Bibliographic Details
Main Author: (ija) (Author)
Format: Article
Language:Ukrainian
Subjects:

MARC

LEADER 00000nab a2200000 a 4500
001 vtls000463441
003 SK-MaSNL
005 20260303220139.0
008 240402c1992 xo 0 ukr
015 |a SNBRB19rr/mm-uuuuu 
035 |a CL0463574 
040 |a SNKBUCL  |b slo  |c SNKBUCL  |e AACR2 
041 0 |a ukr 
044 |a xo  |c SK 
080 |a 070.1(05)"540.2"=83  |2 1981 
080 |a 883 (437)  |2 1981 
100 0 |a (ija)  |4 aut  |9 849881 
245 1 0 |a Duklja  |c (ija) 
500 |a V rubrike Dijaľnisť našoho Sojuzu 
630 0 7 |a Duklja (časopis)  |2 snkbucl  |9 94381 
655 7 |a články z novín a časopisov  |2 snkbucl  |9 267496 
655 7 |a články z odboru literárna veda a krásna literatúra  |2 snkbucl  |9 770045 
773 0 |t Nove žyttja  |g Roč. 42, č. 12 (1992), s. 2 
850 |a Slovenská národná knižnica v Martine  |a MTA001 
852 |a SNK  |b KIS3GCP 
958 |a RK 
958 |a LX 
958 |a UK 
992 |a RBX 
999 |c 2225421  |d 2227351